| 000 | 00976cam a22003137a 4500 | ||
|---|---|---|---|
| 003 | CHAP | ||
| 005 | 20220817041750.0 | ||
| 008 | 971013s1975 r 00010 d | ||
| 010 | _a23805 | ||
| 011 | _a24777 | ||
| 035 | _a28876 | ||
| 040 | _cCHAP | ||
| 090 | _aFolleto 1659 | ||
| 110 |
_aComisión Nacional de Fruticultura. México _925772 |
||
| 245 | 1 | 3 | _aEl mercado de frutas mexicanas en Japón |
| 260 |
_aMÉXICO : _bCONAFRUT, _c1975 |
||
| 300 |
_a92 p. _b: ilus. |
||
| 490 | 0 |
_aSerie especial. Folleto _v; 28 |
|
| 590 |
_aBATCH-UPD _b10 _c20130110 _lUCH01 _h1255 |
||
| 590 |
_aBATCH-UPD _b10 _c20130410 _lUCH01 _h0815 |
||
| 590 |
_aBATCH-UPD _b10 _c20130914 _lUCH01 _h1445 |
||
| 590 |
_aCONVERSION _b10 _c20130109 _lUCH01 _h1314 |
||
| 650 | 1 | 4 |
_aFruta _xMercadeo _xMéxico. _943639 |
| 650 | 1 | 4 |
_aMéxico _xComercio _zJapón. _976718 |
| 830 | 0 |
_aSerie especial Folleto _v; 28 |
|
| 901 | _aBK | ||
| 942 | _cFOLL | ||
| 949 |
_aFolleto 1659 _bBC _cFOLL _d-66698 _eTS1 _i28876 _mD _si |
||
| 999 |
_c23805 _d23805 |
||